000 00948nam a2200253Ia 4500
003 OSt
005 20221005104207.0
006 a|||||r|||| 00| 0
007 ta
008 221004b |||||||| |||| 00| 0 hin d
020 _a9788183151122 (hbk)
_c750
024 _a102870
037 _b465, 12/02/2010, Eastern Book Linkers
_cTextual
040 _aCRL
_cCRL
_bhin
041 _2hin
_ahin
082 _aR4, 152P9
100 _aगिरी, रघुनाथ
245 0 _aआचारशास्त्र
_b भारतीय एवं पाश्चात्य
246 _aĀchārashāstra: bhāratīya evan pāshchātya
260 _aदिल्ली
_bन्यू भारतीय बुक कॉरपोरेशन भारत
_c2009
300 _a410पृ0
_ccm.
942 _hR4, 152P9
_cTEXL
_2cc
999 _c1011995
_d1011995